000 00621nam a2200217 a 4500
001 51766
003 BD-RjUL
005 20211209075717.0
008 160903s1960 bos||||| |||| 001 0 eng d
035 _a(BD-RjUL) 51886
040 _aBD-RjUL
_beng
_cBD-RjUL
_dBD-RjUL
041 _aeng
082 _223
_a526.8
_bBRM 1960
100 1 0 _aBrown, Lloyd A
_9154847
245 1 0 _aMap making :
_bthe art that became a science /
_cLloyd A Brown
260 _aBoston :
_blittle brown and company,
_cc1960
300 _a217 p. :
_bill. ;
_c23 cm.
500 _aInclude index
650 _aMap projections
_9154848
942 _2ddc
_cBK
999 _c51766
_d51766